01009nam a22002297a 450000500170000000800420001702000150005905000210007410000200009524000560011524501930017125000110036426000590037530000340043450400540046865000570052265000400057965000360061970000370065570000340069270000530072620260227100030.0260227b mx |||||||| |||| 00| 0 sp d a970613586304aHD58.8bR53 20011 aRickards, Tudor1 aCreativity and the management of change.lEspañol13aLa creatividad y la administración del cambio c / Tudor Rickards ; prológo por Arthur B. VanGundy ; traducción Daniel Rey Díaz ; revisión técnica José Luis García Salazar. a1a ed. aMéxico :bOxford University Press de México,c2001 axvi, 314 p. : bil. ;c23 cm. aIncluye bibliografía : p. 275 - 298 e índices 72lembaCambio organizacionalxGestión industrialz  72lembaTransformaciones corporativas 72lembaDesarrollo organizacional1 aVanGundy, Arthur B.eprologuista1 aRey Díaz, Danieletraductor1 aGarcía Salazar, José Luiserevisor técnico